Sports Quiz

Random Sports Quiz

NASCAR Active Drivers Most Poles Quiz Stats

 Plays Quiz not verified by Sporcle

Challenge
Share
Tweet
Embed
Score 0/40 Timer 07:00
0 Plays Today
Number of Poles Driver % Correct
86Jeff Gordon
98.5%
34Jimmie Johnson
96.2%
22Kurt Busch
96.2%
51Kyle Busch
96.2%
89Mark Martin
92.5%
64Ryan Newman
91.7%
21Dale Earnhardt Jr
91%
43Carl Edwards
88.7%
21Tony Stewart
88%
34Kevin Harvick
88%
32Terry Labonte
86.5%
36Bobby Labonte
86.5%
28Matt Kenseth
85.7%
38Greg Biffle
82.7%
17Jeff Burton
82.7%
35Kasey Kahne
82%
36Denny Hamlin
79.7%
15Jamie McMurray
74.4%
13Clint Bowyer
72.2%
12Kenny Wallace
72.2%
Number of Poles Driver % Correct
28Joey Logano
71.4%
18Brad Keselowski
71.4%
18Michael Waltrip
69.9%
17Martin Truex Jr
68.4%
50Geoffrey Bodine
67.7%
19Todd Bodine
67.7%
56Bill Elliott
66.9%
28Ron Hornaday Jr
66.9%
56Mike Skinner
64.7%
25Elliott Sadler
63.9%
28Joe Nemechek
61.7%
15Brian Vickers
60.2%
13Austin Dillon
50%
29Ken Schrader
49.6%
12David Reutimann
49.6%
26Jeff Green
44.4%
12Morgan Shepherd
37.6%
21Mike Bliss
36.1%
19Jason Leffler
34.6%
11Jason Keller
26.3%

You're not logged in!

Compare scores with friends on all Sporcle quizzes.
OR
Log In

You Might Also Like...

Show Comments

Extras

Top Quizzes Today


Score Distribution

Your Account Isn't Verified!

In order to create a playlist on Sporcle, you need to verify the email address you used during registration. Go to your Sporcle Settings to finish the process.

Report this User

Report this user for behavior that violates our Community Guidelines.

Details: